Statystyki dla Zawodnicy Fame MMA 17

Kliknij tutaj aby rozwiązać quiz!

Ogólne statystyki

  • Ten quiz został rozwiązany 116 razy
    (65 od ostatniego zresetowania)
  • Średni wynik to 12 z 18

Statystyki odpowiedzi

Odpowiedź% Poprawnych
Amadeusz "Ferrari" Roślik
90%
Kamil "Szczurek" Łaszczyk
86%
Alan "Alanik" Kwieciński
78%
Maksymilian "Wiewiór" Wiewiórka
75%
Michał "Boxdel" Baron
75%
Paweł "Prezes FEN" Jóźwiak
71%
Piotr "Szeli" Szeliga
71%
Wacław "Wac ToJa" Osiecki
69%
Wiktoria "Wiki" Jaroniewska
69%
Klaudia "Sheeya" Kołodziejczyk
67%
Tomasz "Gimper" Działowy
67%
Filip "Filipek" Marcinek
63%
Marcin "Polish Zombie" Wrzosek
63%
Robert Karaś
63%
Sebastian "Alterboy" Fabijański
63%
Cezary "Czarmageddon" Jóźwik
59%
Marcin "Rafonix" Krasucki
55%
Mikołaj "Mixer" Magdziarz
51%

Rozkład punktacji

Percentyl według liczby udzielonych odpowiedzi

Procent ludzi z każdym wynikiem

Twoja historia wyników

Nie rozwiązałeś tego quizu od ostatniego zresetowania